000
00320nam a22001337a 4500
008
170609b xxu||||| |||| 00| 0 eng d
020
_a
9781608716869
041
_a
eng
080
_2
4 ED
_a
327
100
_a
19
101
_a
SHP
245
_a
THE ESSENTIALS OF POLITICAL ANALYSIS
_c
POLLOCK .P.H
942
_2
udc
_c
BK
999
_c
16760
_d
16760